| 000 | 00729nam a2200193 a 4500 | ||
|---|---|---|---|
| 003 | 0 | ||
| 005 | 20250528142924.0 | ||
| 008 | 021122s19uu xx 00 eng d | ||
| 050 |
_aPHS LB 2361.7 _b.G37 2002 |
||
| 100 | _aGarcia, Ian. | ||
| 245 |
_aAn Investigation on the factors that affect course preference of senior students in some selected schools in Manila / _cIan Garcia. |
||
| 260 |
_aLas PiƱas City, Philippines : _bSouthville International School and Colleges, _c2002. |
||
| 300 |
_a34 pages ; _c28 cm. |
||
| 504 | _aIncludes bibliographical references. | ||
| 650 |
_aCareer choice _zPhilippines. |
||
| 650 |
_aCollege choice _zPhilippines. |
||
| 650 |
_aEducation _zPhilippines _xDecision making. |
||
| 942 |
_2lcc _cPASS |
||
| 999 |
_c96705 _d96705 |
||